00289pab a2200121 454500008004000000100001600040245005400056260000900110300001000119362000900129650001500138773001400153180718b1985 xxu||||| |||| 00| 0 eng d aNirmala, S. aExecutive motivation - a public sector experience c1985 a19-22 aDec. aMotivation aLok Udyog